Statistics for Glee Cast Charting Songs (Billboard Hot 100)

Click here to take the quiz!

General Stats

  • This quiz has been taken 88 times
  • The average score is 47 of 207

Answer Stats

AlbumWeeks OnPeakArtist(s)Song% Correct
Glee: The Music, Volume 61 Week#79Glee CastDon't Stop
92%
Glee: The Music, Volume 17 Weeks#4Glee CastDon't Stop Believin'
77%
Glee: The Music, Volume 45 Weeks#11Glee Cast ft. Gwyneth PaltrowForget You
57%
Glee: The Music, Volume 3 Showstoppers4 Weeks#20Glee Cast ft. Idina MenzelPoker Face
57%
Glee: The Music, The Complete Season Three2 Weeks#26Glee Cast ft. 2CellosSmooth Criminal
57%
Glee: The Music, Volume 41 Week#54Glee CastValerie
57%
Glee: The Music, Volume 21 Week#53Glee CastDon't Rain On My Parade
52%
Glee: The Music, Volume 43 Weeks#8Glee CastTeenage Dream
52%
Glee: The Music, Journey to Regionals1 Week#84Glee Cast ft. Jonathan GroffBohemian Rhapsody
49%
Glee: The Music, Volume 13 Weeks#31Glee CastDefying Gravity
49%
Glee: The Music, Volume 3 Showstoppers1 Week#93Glee CastLoser
49%
Glee: The Music, Volume 3 Showstoppers2 Weeks#26Glee Cast ft. Neil Patrick HarrisDream On
48%
Glee: The Music, Volume 3 Showstoppers1 Week#35Glee Cast ft. Jonathan GroffHello
48%
Glee: The Music, Volume 41 Week#16Glee CastToxic
48%
Glee: The Music, The Complete Season Three1 Week#80Glee CastBad
46%
Glee: The Music, The Power of Madonna1 Week#87Glee Cast ft. Jonathan GroffLike a Virgin
45%
Glee: The Music, Volume 53 Weeks#6Glee CastLoser Like Me
45%
Glee: The Music, Volume 51 Week#47Glee CastBaby
42%
Glee: The Music, Volume 3 Showstoppers2 Weeks#54Glee CastBad Romance
42%
Glee: The Music, The Complete Season Two1 Week#87Glee CastSing!
42%
Glee: The Music, Volume 51 Week#49Glee CastSing
42%
Glee: The Music, Volume 13 Weeks#28Glee CastSomebody to Love
40%
Glee: The Music, Volume 51 Week#62Glee CastSomebody to Love
40%
Glee: The Music, Volume 52 Weeks#38Glee CastThriller / Heads Will Roll
40%
Glee: The Music, Volume 42 Weeks#32Glee CastMarry You
38%
Glee: The Music, Volume 71 Week#75Glee Cast ft. Idina MenzelSomewhere
38%
Glee: The Music, Volume 11 Week#56Glee CastKeep Holding On
37%
Glee: The Music, Volume 61 Week#44Glee CastBorn This Way
35%
Glee: The Music, The Complete Season One1 Week#64Glee Cast ft. Kristin ChenowethFire
35%
Glee: The Music, The Complete Season One2 Weeks#40Glee CastHalo / Walking on Sunshine
35%
Glee: The Music, The Power of Madonna2 Weeks#27Glee Cast ft. Jonathan GroffLike a Prayer
35%
Glee: The Music, Volume 3 Showstoppers1 Week#60Glee CastOne
35%
Glee: The Music, Volume 3 Showstoppers2 Weeks#16Glee Cast ft. Jonathan GroffTotal Eclipse of the Heart
35%
Glee: The Music, The Complete Season Three1 Week#65Glee CastCough Syrup
34%
Glee: The Music, Volume 62 Weeks#22Glee CastI Feel Pretty / Unpretty
34%
Glee: The Music, Volume 73 Weeks#11Glee CastRumour Has It / Someone Like You
34%
Glee: The Music, The Complete Season Two3 Weeks#18Glee Cast ft. Gwyneth PaltrowSinging in the Rain / Umbrella
34%
Glee: The Music, The Graduation Album3 Weeks#12Glee CastWe Are Young
34%
Glee: The Music, Volume 3 Showstoppers2 Weeks#31Glee Cast ft. Idina MenzelI Dreamed a Dream
32%
Glee: The Music, The Complete Season Three1 Week#66Glee CastI Kissed a Girl
32%
Glee: The Music, The Complete Season One3 Weeks#23Glee CastJessie's Girl
32%
Glee: The Music, Volume 11 Week#88Glee Cast ft. Kristin ChenowethMaybe This Time
32%
Glee: The Music Presents The Warblers1 Week#36Glee CastRaise Your Glass
32%
Glee: The Music, The Complete Season 11 Week#61Glee Cast ft. Johnathan GroffRun Joey Run
32%
Glee: The Music, Volume 11 Week#34Glee CastSweet Caroline
32%
Glee: The Music, Journey to Regionals1 Week#37Glee CastFaithfully
31%
Glee: The Music, Volume 41 Weeks#27Glee CastLucky
31%
Glee: The Music Presents The Warblers1 Week#42Glee CastSomewhere Only We Know
31%
Glee: The Music, Volume 61 Week#66Glee Cast ft. Kristin ChenowethTurning Tables
31%
Glee: The Music, The Power of Madonna1 Week#89Glee Cast4 Minutes
29%
Glee: The Music, Volume 71 Week#88Glee CastABC
29%
Glee: The Music, Journey to Regionals1 Week#58Glee CastAny Way You Want It / Lovin' Touchin' Squeezin'
29%
Glee: The Music, Volume 41 Week#28Glee CastBillionaire
29%
Glee: The Music, Volume 42 Weeks#21Glee CastEmpire State of Mind
29%
Glee: The Music, Volume 3 Showstoppers2 Weeks#32Glee CastGives You Hell
29%
Glee: The Music Presents The Warblers1 Week#29Glee CastHey, Soul Sister
29%
Glee: The Music, Volume 41 Week#38Glee Cast(I've Had) The Time Of My Life
29%
Glee: The Music, Volume 52 Weeks#23Glee Cast ft. Gwyneth PaltrowLandslide
29%
Glee: The Music, Volume 3 Showstoppers1 Week#89Glee Cast ft. Olivia Newton-JohnPhysical
29%
Glee: The Music, Volume 61 Week#40Glee CastPretending
29%
Glee: The Music, Volume 62 Weeks#29Glee Cast ft. Jonathan GroffRolling in the Deep
29%
Glee: The Music, The Complete Season Two1 Week#23Glee CastTelephone
29%
Glee: The Music, Volume 3 Showstoppers1 Week#61Glee CastBeautiful
28%
Glee: The Music Presents The Warblers2 Weeks#44Glee CastBills, Bills, Bills
28%
Glee: The Music, Volume 3 Showstoppers1 Week#90Glee Cast ft. Kristin ChenowethHome
28%
Glee: The Music, Volume 21 Week#73Glee CastI'll Stand By You
28%
Glee: The Music, Volume 41 Week#40Glee CastJust the Way You Are
28%
Glee: The Music, Volume 61 Week#33Glee CastLight Up The World
28%
Glee: The Music, Volume 61 Week#94Glee CastMy Man
28%
Glee: The Music, Volume 41 Week#41Glee CastRiver Deep, Mountain High
28%
Glee: The Music Presents The Warblers1 Week#37Glee CastBlackbird
26%
Glee: The Music, Volume 52 Weeks#34Glee CastFirework
26%
Glee: The Music, Volume 52 Weeks#16Glee CastGet It Right
26%
Glee: The Music, Volume 71 Week#76Glee CastMan in the Mirror
26%
Glee: The Music, Volume 21 Week#51Glee CastMy Life Would Suck Without You
26%
Glee: The Music, The Complete Season Three1 Week#66Glee CastWhat Doesn't Kill You (Stronger)
26%
Glee: The Music Presents The Warblers1 Week#62Glee CastAnimal
25%
Glee: The Music, The Complete Season One2 Weeks#30Glee CastIt's My Life / Confessions Part II
25%
Glee: The Music, Volume 71 Week#72Glee CastLast Friday Night (T.G.I.F)
25%
Glee: The Music, Volume 41 Week#56Glee CastMe Against The Music
25%
Glee: The Music, The Complete Season Three2 Weeks#26Glee CastSomebody That I Used To Know
25%
Glee: The Music, Volume 11 Week#46Glee CastTake a Bow
25%
Glee: The Music, Season 4, Volume 11 Week#91Glee CastThe Scientist
25%
Glee: The Music, Volume 21 Week#66Glee CastTrue Colors
25%
Glee: The Music, Volume 3 Showstoppers1 Week#72Glee CastBeth
23%
Glee: The Music, Volume 21 Week#67Glee CastImagine
23%
Glee: The Music, Dance Party1 Week#61Glee CastTik Tok
23%
Glee: The Music, The Rocky Horror Glee Show1 Week#89Glee CastTime Warp
23%
Glee: The Music, Volume 71 Week#68Glee CastUptown Girl
23%
Glee: The Music, Volume 11 Week#51Glee Cast ft. Kristin ChenowethAlone
22%
Glee: The Music, The Complete Season Two1 Week#82Glee CastBack to Black
22%
Glee: The Music, Volume 51 Week#49Glee CastDon't You Want Me
22%
Glee: The Music, Volume 4 Showstoppers1 Week#49Glee CastHello Goodbye
22%
Glee: The Music, The Complete Season Three1 Week#87Glee CastI Will Always Love You
22%
Glee: The Music, Volume 52 Weeks#62Glee CastNeed You Now
22%
Glee: The Music, Volume 11 Week#65Glee CastNo Air
22%
Glee: The Music, Volume 3 Showstoppers1 Week#93Glee CastRose's Turn
22%
Glee: The Music, Volume 41 Week#53Glee CastStronger
22%
Glee: The Music, The Complete Season Two1 Week#54Glee CastBaby One More Time
20%
Glee: The Music, Volume 61 Week#74Glee CastDancing Queen
20%
Glee: The Music, Dance Party1 Week#52Glee CastI'm a Slave 4 U
20%
Glee: The Music, The Complete Season One1 Week#98Glee CastRehab
20%
Glee: The Music, Volume 61 Week#68Glee CastSongbird
20%
Glee: The Music, Volume 11 Week#71Glee CastTaking Chances
20%
Glee: The Music, The Complete Season Three1 Week#56Glee CastWe Found Love
20%
Glee: The Music Presents The Warblers1 Week#71Glee CastCandles
18%
Glee: The Music, Volume 61 Week#92Glee Cast ft. Kristin ChenowethDreams
18%
Glee: The Music, The Complete Season Three1 Week#56Glee CastFly / I Believe I Can Fly
18%
Glee: The Music, The Complete Season Three1 Week#90Glee CastGlad You Came
18%
Glee: The Music, Volume 41 Week#36Glee CastI Want to Hold Your Hand
18%
Glee: The Music, The Complete Season Three1 Week#99Glee Cast ft. Ricky MartinLa Isla Bonita
18%
Glee: The Music, The Christmas Album2 Weeks#63Glee CastLast Christmas
18%
Glee: The Music, Volume 21 Week#50Glee CastLean On Me
18%
The Quarterback (Music from the TV Series)1 Week#84Glee CastMake You Feel My Love
18%
Glee: The Music, Volume 3 Showstoppers1 Week#81Glee CastSafety Dance
18%
Glee: The Music, The Complete Season Three1 Week#51Glee CastSurvivor / I Will Survive
18%
Glee: The Music, Volume 51 Week#51Glee CastTake Me or Leave Me
18%
Glee: The Music, The Complete Season One1 Week#76Glee CastThe Boy is Mine
18%
Glee: The Music, Love Songs1 Week#50Glee CastDon't Go Breaking My Heart
17%
Glee: The Music, Volume 21 Week#64Glee CastDon't Stand So Close To Me / Young Girl
17%
Glee: The Music, Volume 21 Week#78Glee CastEndless Love
17%
Glee: The Music, Volume 61 Week#65Glee CastIsn't She Lovely
17%
Glee: The Music, Volume 3 Showstoppers1 Week#53Glee Cast ft. Kristin ChenowethOne Less Bell to Answer / A House Is Not A Home
17%
Glee: The Music, Volume 41 Week#41Glee CastOne Love (People Get Ready)
17%
Glee: The Music, Volume 41 Week#37Glee CastOne of Us
17%
Glee: The Music, The Complete Season Three1 Week#71Glee CastShake It Out
17%
Glee: The Music Presents The Warblers1 Week#45Glee CastSilly Love Songs
17%
Glee: The Music, The Complete Season Two1 Week#31Glee CastStart Me Up / Livin' on a Prayer
17%
Glee: The Music, The Complete Season Three1 Week#92Glee CastStereo Hearts
17%
Glee: The Music, Volume 41 Week#26Glee CastThe Only Exception
17%
Glee: The Music, The Complete Season One1 Week#79Glee Cast ft. Jonathan GroffAnother One Bites The Dust
15%
Glee: The Music, The Complete Season Two1 Week#97Glee CastDon't Cry For Me Argentina
15%
Glee: The Music, Volume 61 Week#45Glee CastGo Your Own Way
15%
Glee: The Music, The Complete Season Three1 Week#73Glee CastHere's To Us
15%
Glee: The Music, The Complete Season Three1 Week#65Glee CastHow Will I Know
15%
Glee: The Music, The Complete Season Two1 Week#38Glee CastListen
15%
Glee: The Music Presents The Warblers1 Week#52Glee CastMisery
15%
Glee: The Music, Journey to Regionals1 Week#44Glee CastOver the Rainbow
15%
Glee: The Music, The Complete Season Three1 Week#28Glee CastWithout You
15%
Glee: The Music, Volume 21 Week#71Glee CastYou Can't Always Get What You Want
15%
Glee: The Music, Volume 3 Showstoppers1 Week#70Glee CastA House Is Not a Home
14%
Glee: The Music, The Complete Season Two1 Week#87Glee CastAll By Myself
14%
Glee: The Music, Volume 21 Week#94Glee CastAnd I Am Telling You I'm Not Going
14%
Glee: The Music, The Christmas Album2 Weeks#57Glee CastBaby, It's Cold Outside
14%
Glee: The Music, The Complete Season Two1 Week#22Glee CastDog Days Are Over
14%
Glee: The Music, The Complete Season One1 Week#66Glee CastHello, I Love You
14%
Glee: The Music, The Complete Season Two1 Week#53Glee CastHell to the No
14%
Glee: The Music, The Complete Season Three1 Week#86Glee CastHit Me With Your Best Shot / One Way or Another
14%
Glee: The Music, The Complete Season Two1 Week#81Glee CastI Love New York / New York, New York
14%
Glee: The Music, Season 4, Volume 11 Week#95Glee CastIt's Time
14%
Glee: The Music, Volume 51 Week#83Glee Cast ft. Gwyneth PaltrowKiss
14%
Non-Album Single1 Week#91Glee CastLet Me Love You (Until You Learn To Love Yourself)
14%
Glee: The Music, The Complete Season Two1 Week#60Glee CastLosing My Religion
14%
Glee: The Music, The Complete Season Three1 Week#57Glee CastPerfect
14%
Glee: The Music, The Complete Season Three1 Week#92Glee CastRed Solo Cup
14%
Glee: The Music, The Complete Season Three1 Week#88Glee CastSummer Nights
14%
Glee: The Music, Volume 71 Week#67Glee CastYou Can't Stop The Beat
14%
Glee: The Music, Dance Party1 Week#55Glee CastBlame It (On The Alcohol)
12%
Glee: The Music, Volume 11 Week#93Glee CastBust a Move
12%
Glee: The Music, Volume 51 Week#56Glee CastFat Bottomed Girls
12%
Glee: The Music, The Complete Season Two1 Week#58Glee CastFor Good
12%
Glee: The Music, Volume 71 Week#59Glee CastGirls Just Want To Have Fun
12%
Glee: The Music, The Complete Season Three1 Week#56Glee CastHuman Nature
12%
Glee: The Music, The Complete Season Three1 Week#98Glee Cast ft. Matt BomerHungry Like The Wolf / Rio
12%
Glee: The Music, The Complete Season Two1 Week#49Glee CastJar of Hearts
12%
Glee: The Music, Volume 61 Week#59Glee CastPure Imagination
12%
Glee: The Music, Volume 51 Week#58Glee CastP.Y.T. (Pretty Young Thing)
12%
Glee: The Music, Volume 71 Week#91Glee CastRun The World (Girls)
12%
Glee: The Music, The Complete Season Two1 Week#38Glee CastStop! In The Name Of Love / Free Your Mind
12%
Glee: The Music, Journey to Regionals1 Week#75Glee CastTo Sir With Love
12%
Glee: The Music Presents The Warblers1 Week#47Glee CastWhen I Get You Alone
12%
Glee: The Music, Volume 71 Week#53Glee CastFix You
11%
Glee: The Music, The Complete Season Two2 Weeks#34Glee CastFriday
11%
Glee: The Music, The Complete Season One1 Week#69Glee CastGood Vibrations
11%
Glee: The Music, The Complete Season One1 Week#74Glee CastIce Ice Baby
11%
Glee: The Music, Volume 71 Week#65Glee CastIt's Not Unusual
11%
Glee: The Music, The Complete Season Three1 Week#62Glee CastMoves Like Jagger / Jumpin' Jack Flash
11%
Glee: The Music, The Complete Season One1 Week#81Glee Cast ft. Ricky MartinSexy and I Know It
11%
Glee: The Music, The Complete Season Three1 Week#64Glee CastBlack or White
9%
Glee: The Music, The Power of Madonna1 Week#78Glee CastBorderline / Open Your Heart
9%
Glee: The Music, Volume 71 Week#89Glee Cast ft. Idina MenzelConstant Craving
9%
Glee: The Music, Volume 51 Week#57Glee Cast ft. Gwyneth PaltrowDo You Wanna Touch Me (Oh Yeah)
9%
Glee: The Music, The Complete Season One1 Week#95Glee CastIt's a Man's, Man's Man's World
9%
Glee: The Music, Volume 3 Showstoppers1 Week#81Glee CastLady is a Tramp
9%
Glee: The Music, The Complete Season Two1 Week#50Glee CastOnly the Good Die Young
9%
Glee: The Music, Volume 61 Week#80Glee CastAs If We Never Said Goodbye
8%
Glee: The Music, The Complete Season Three1 Week#80Glee CastI Can't Go For That / You Make My Dreams
8%
Glee: The Music, The Complete Season Two1 Week#74Glee CastI Look to You
8%
Glee: The Music, The Complete Season Three1 Week#92Glee CastIt's Not Right But It's Okay
8%
Glee: The Music, The Complete Season Two1 Week#65Glee CastPapa Can You Hear Me?
8%
Glee: The Music, Volume 51 Week#87Glee CastShe's Not There
8%
Glee: The Music, The Complete Season One1 Week#92Glee CastU Can't Touch This
8%
Glee: The Music, The Complete Season Three1 Week#78Glee CastWanna Be Startin' Somethin'
8%
Glee: The Music, The Complete Season Three1 Week#83Glee CastWe Got The Beat
8%
Glee: The Music, The Complete Season Three1 Week#69Glee Cast ft. Idina MenzelYou and I / You and I
8%
Glee: The Music, The Complete Season Two1 Week#73Glee CastBridge Over Troubled Water
6%
Glee: The Music, The Christmas Album Volume 21 Week#92Glee CastDo They Know It's Christmas?
6%
Glee: The Music, The Complete Season Two1 Week#48Glee CastHappy Days Are Here Again / Get Happy
6%
Glee: The Music, The Complete Season One1 Week#87Glee CastTell Me Something Good
6%
Glee: The Music, Love Songs1 Week#51Glee CastWhat I Did For Love
6%
Glee: The Music, Volume 61 Week#93Glee CastAs Long As You're There
5%
Glee: The Music, Dance Party1 Week#72Glee CastI'm Not Gonna Teach Your Boyfriend How to Dance with You
5%
Glee: The Music, The Complete Season Three1 Week#86Glee CastI'm The Only One
5%
Glee: The Music, The Complete Season Two1 Week#81Glee CastNever Going Back Again
5%
Glee: The Music, The Complete Season Three1 Week#70Glee CastThe First Time Ever I Saw Your Face
5%
Glee: The Music, The Complete Season Two1 Week#59Glee CastWelcome Christmas
5%
Glee: The Music, The Complete Season Two1 Week#94Glee CastLe Jazz Hot
3%

Score Distribution

Percentile by Number Answered

Percent of People with Each Score

Your Score History

You have not taken this quiz